00986cam a22002771 450000100060000000300080000600500170001400800390003103500190007003500180008904000410010704100080014808200150015610000260017124500480019726000380024530000300028350400200031360000380033365000560037165000560042765100580048394200120054199900170055395201380057019652BD-RjUL20211209000447.0140225s1958 enka 001 0beng a(BD-RjUL)19712 a(OCoLC)353269 aDLCcODaWUdOCoLCdDLCdBD-RjULbeng aeng a928.2bHEH1 aHemlow, Joyce.96038414aThe history of Fanny Burney /cJoyce Hemlow aOxford :bClarendon Press,c1958. a528 p. :bill. ;c23 cm. aIncludes index.10aBurney, Fanny,d1752-1840.993330 0aNovelists, Englishy18th centuryvBiography.960386 0aNovelists, Englishy19th centuryvBiography.958135 0aGreat BritainxCourt and courtiersvBiography.960387 2ddccBK c19652d19652 00102ddc40718FICaRUCLbRUCLcReadingd1970-03-12eZeitlingerg42.00l0o928.2 HEH 1958r2014-02-25 00:00:00tC-1w2014-02-25yBK